000 00512cam a2200205ua 4500
001 1593
005 20260515113345.0
008 110712n ii |||gr||||Z||||||asm
020 _a81-7339-027-4
040 _cMAIN
082 _a330.01
100 1 _aHuda, Monirul,
_eAuthor.
245 1 _aArthanaitik tattva
_cby Monirul Huda
250 _a5th.
260 _aDibrugarh:
_bBanalata,993.
_aGuahati:
300 _axx; 276p:
_bill;
_c23cm.
653 _aEconomic
653 _aprinciples of economics
942 _cBK
999 _c1480
_d1480